1628 1383 1560 1053 1924 1255 1514 1097 1645 1130 1418 1784 1787 1848 1408 1646 1299 1556 1392 1339 1233 1451 1157 1762 1511 1194 1081 1951 1855 1229 1410 1298 1905 1567 1463 1612 1501 1444 1612 1461 1098 1052 1634 1047 1802 1751 1152 1920 1903 1353 1393 1063 1028 1552 1713 1763 1668 1991 1818 1790 1316 1832 1590 1525 1238 1859 1844 1524 1429 1511 1088 1954 1089 1057 1984 1527 1388 1767 1109 1470 1170 1978 1250 1886 1578 1822 1672 1422 1720 1668 1327 1001 1553 1693 1060 1009 1491 1244 1490 BCNSPRNW ULIB Ver.6.0+V

เปลี่ยนเป็นภาษาไทย

Change to English
 แสดงรายละเอียดบรรณานุกรม
  กลับหน้าหลัก

Brief Record : Get Marc (ISO 2709) : E-mail record : QR code < ปิดหน้าต่าง
LEADER : 00000nam 2200000uu 4500
001    13399111339
003     ULIB
008    110622s2548||||th 000 0 tha d
020    9749237269
020    9789749237267
060  4 QU4^bป266ช ล.3
245 00 ชีววิทยา 3 /^c[ผู้เขียน, ประดิษฐ์ พงศ์ทองคำ, สุรินทร์ ปิยะโชคณากุล, สมศักดิ์ อภิสิทธิวาณิช]
246 31 ชีววิทยา 3
250    พิมพ์ครั้งที่ 2
260    กรุงเทพฯ :^bโครงการตำราวิทยาศาสตร์และคณิตศาสตร์มูลนิธิส่งเสริมโอลิมปิกวิชาการและพัฒนามาตรฐานวิทยาศาสตร์ศึกษา,^c2548
300    145 หน้า :^bภาพประกอบ ;^c30 ซม.
650  7 ชีววิทยา
650  7 พันธุศาสตร์
700 0  ประดิษฐ์ พงศ์ทองคำ
700 0  สุรินทร์ ปิยะโชคณากุล
700 0  สมศักดิ์ อภิสิทธิวาณิช
710 2  โครงการตำราวิทยาศาสตร์และคณิตศาสตร์มูลนิธิ สอวน.
710 2ม ูลนิธิส่งเสริมโอลิมปิกวิชาการและพัฒนามาตรฐานวิทยาศาสตร์ศึกษา. ^bโครงการตำราวิทยาศาสตร์และคณิตศาสตร์
945    ^p170^l0^i24703
945    ^p170^l0^i24701
945    ^p170^l0^i24702
995    ัณชพร
999 ^a ใช้งานได้ทุกระบบ
รายการนี้ยังไม่มีแท็ก
คุณยังไม่ได้ล็อกอิน คุณสามารถมีกิจกรรมร่วมกับเว็บไซต์ได้ แต่ต้องล็อกอินก่อน ::
  ล็อกอิน

รายการสื่อสารสนเทศ

ลำดับที่ ประเภท เลขเรียก/บาร์โค้ด สถานที่ สถานะ
- ไม่พบข้อมูล -

รายการใกล้เคียง
    หัวเรื่อง [ชีววิทยา]
    หัวเรื่อง [พันธุศาสตร์]

BibComment


ยังไม่เคยถูกคอมเมนท์

คอมเมนท์ทรัพยากรรายการนี้
  คอมเมนท์: ชีววิทยา 3 ผู้เข..


 Copyright 2026. Bcnsprnw @Library